| 000 | 00819nam a2200193Ia 4500 | ||
|---|---|---|---|
| 008 | 0000001992 usa 0000000000eng00 | ||
| 090 | _aPUS00 A77c | ||
| 245 | 1 | 0 |
_aCole Morgan _c/ Art Miami International Art Exposition ; translation from the dutch Karen Mutch, Gerry Paster |
| 300 |
_a[20] p. _c/ 17 cm. |
||
| 500 | _aExposición realizada en Art Miami International Art Exposition, Miami, Enero 812, 1992 \ Con el patronazgo del maestro venezolano Jesús Rafael Soto (q.e.p.d.) | ||
| 600 | 0 | 0 |
_aMORGAN, COLE, 1950/ _xTRABAJOS PICTORICOS |
| 650 | 1 | 4 | _aARTE CONTEMPORANEO ESTADOUNIDENSE |
| 650 | 1 | 4 | _xCATALOGOS |
| 650 | 1 | 4 | _xEXPOSICIONES |
| 650 | 1 | 4 | _aPINTORES ESTADOUNIDENSES |
| 650 | 1 | 4 | _aPINTURA ESTADOUNIDENSE |
| 700 | 1 | _aMutch, Karen \ Paster, Gerry | |
| 999 |
_c2188 _d2188 |
||
| 260 |
_aMiami : [Art Miami] _c1992 |
||